000 00299nam a22001337a 4500
008 170328b xxu||||| |||| 00| 0 eng d
020 _a9781450434324
041 _aeng
080 _a796.3
100 _a8
101 _aSHM
245 _aINTRODUCTION TO KINESIOLOGY
_cHOFFMAN, SH.J
942 _2udc
_cBK
999 _c8888
_d8888